00883nam a2200217 i 450000100060000000300090000600500170001500700030003200800410003510000350007624501650011125000120027626000480028830000300033650400340036665000510040065000420045185200330049399900170052695201220054340581ES-MaACL20251015063052.0t|030306s1985 sp ||||1| spa d1 aCapel, Horacio, d1941-93481513aLa física sagrada b: creencias religiosas y teorías científicas en los orígenes de la geomorfología española : siglos XVII-XVIII / cHoracio Capel. a1ª ed. aBarcelona : bEdiciones del Serbal, c1985. a223 p. : bil. ; c26 cm. aBibliografía: p. [208]-220. 4aGeomorfología-zEspaña-xHistoria.9169910 7aCristianismo y ciencia2embne9150357 aES-MaACLjL-10224 bR.111237 c40581d40581 00104070aATENEOMbATENEOMcDEPO2d2008-01-17eSCl0oL-10224p1042724r2023-02-23 00:00:00w2023-02-23yMONOGRAFIA